La inserción sociolaboral de jóvenes en riesgo de exclusión social (Record no. 200409)
[ view plain ]
| 000 -CABECERA | |
|---|---|
| campo de control de longitud fija | 02666cab a2200349 ab4500 |
| 005 - FECHA Y HORA DE LA ÚLTIMA TRANSACCIÓN | |
| campo de control | 20241029103822.0 |
| 008 - ELEMENTOS DE LONGITUD FIJA--INFORMACIÓN GENERAL | |
| campo de control de longitud fija | 991125c2016 sp tr p o 000 0 spa d |
| 035 ## - NÚMERO DE CONTROL DEL SISTEMA | |
| Número de control de sistema | UPN01000228314 |
| 040 ## - FUENTE DE LA CATALOGACIÓN | |
| Centro catalogador/agencia de origen | MX-MxUPN |
| Lengua de catalogación | spa |
| Centro/agencia transcriptor | MX-MxUPN |
| Normas de descripción | aacr2 |
| 049 ## - COLECCIÓN | |
| Colección | ART-E |
| 100 1# - ASIENTO PRINCIPAL--NOMBRE PERSONAL | |
| Nombre de persona | Santana Vega, Lidia E. |
| Enlace | - lsantana@ull.es |
| 9 (RLIN) | 31265 |
| 100 1# - ASIENTO PRINCIPAL--NOMBRE PERSONAL | |
| Nombre de persona | Alonso Bello, Estefanía |
| 100 1# - ASIENTO PRINCIPAL--NOMBRE PERSONAL | |
| Nombre de persona | Feliciano García, Luis |
| 245 13 - MENCIÓN DE TÍTULO | |
| Título | La inserción sociolaboral de jóvenes en riesgo de exclusión social |
| 300 ## - DESCRIPCIÓN FÍSICA | |
| Extensión | 61-75 |
| 336 ## - TIPO DE CONTENIDO | |
| Término de tipo de contenido | texto$2rdacontent |
| 337 ## - TIPO DE MEDIO | |
| Nombre/término del tipo de medio | computadora$2rdamedia |
| 338 ## - TIPO DE SOPORTE | |
| Nombre/término del tipo de soporte | recurso en linea$2rdacarrier |
| 362 0# - FECHAS DE PUBLICACIÓN Y/O DESIGNACIÓN SECUENCIAL | |
| Fecha de publicación y/o designación secuencial | 2016, Vol. 27, no. 3 |
| 520 3# - NOTA DE RESUMEN, ETC. | |
| Sumario, etc. | Los jóvenes en riesgo de exclusión social experimentan una situación vital muy compleja y viven la transición a la vida activa como una etapa complicada. Este artículo tiene como objetivo: a) analizar las trayectorias de vida de los jóvenes que salen del sistema de protección y b) examinar cómo determinadas experiencias vitales pueden influir en el éxito o fracaso de su inserción socio-laboral y emancipación. Se realizó un estudio de casos múltiples en el que participaron cuatro jóvenes, los tutores de los jóvenes y los empresarios con los que realizaron sus prácticas profesionales. La selección de los casos tuvo en cuenta tres criterios: a) haber estado acogido al sistema de protección, b) haber pasado un mínimo de 6 meses en un programa de inserción laboral, c) tener entre 16 y 18 años. En el estudio se utilizaron técnicas e instrumentos cuantitativos y cualitativos: cuestionarios, entrevistas, planes de inserción, fichas de trabajo, diarios de campo y registros de control para triangular la información y dar credibilidad a los resultados. El estudio pone de manifiesto que: a) las experiencias vitales de los jóvenes que salen del sistema de protección generan múltiples carencias; b) estas carencias limitan sus posibilidades de desarrollo personal, impiden su permanencia en los puestos de trabajo y su emancipación. Es necesario diseñar programas de desarrollo profesional para fomentar la inserción laboral de estos jóvenes. REOP |
| 653 0# - TERMINO DE INDIZACION - NO CONTROLADO | |
| Término no controlado | Inserción laboral |
| 653 0# - TERMINO DE INDIZACION - NO CONTROLADO | |
| Término no controlado | Acceso laboral |
| 653 0# - TERMINO DE INDIZACION - NO CONTROLADO | |
| Término no controlado | Discriminación social |
| 653 0# - TERMINO DE INDIZACION - NO CONTROLADO | |
| Término no controlado | Población vulnerable |
| 653 0# - TERMINO DE INDIZACION - NO CONTROLADO | |
| Término no controlado | Adolescentes |
| 773 ## - ENLACE AL DOCUMENTO FUENTE/ENTRADA DE REGISTRO ANFITRIÓN | |
| Parte(s) relacionada(s) | Vol. 27, no. 3 (2016), p. 61-75 |
| Título | REOP: revista española de orientación y psicopedagogía |
| Número Internacional Normalizado para Publicaciones Seriadas | 1989-7448 |
| 856 4# - LOCALIZACIÓN Y ACCESO ELECTRÓNICOS | |
| Identificador Uniforme del Recurso | <a href="https://revistas.uned.es/index.php/reop/article/view/18800">https://revistas.uned.es/index.php/reop/article/view/18800</a> |
| 856 4# - LOCALIZACIÓN Y ACCESO ELECTRÓNICOS | |
| Identificador Uniforme del Recurso | <a href=" https://doi.org/10.5944/reop.vol.27.num.3.2016.18800"> https://doi.org/10.5944/reop.vol.27.num.3.2016.18800</a> |
| 902 ## - ELEMENTOS DE DATOS B LOCAL, LDB (RLIN) | |
| Creó | Leonor Sotres/291024 |
| 905 ## - TIPO DE MATERIAL | |
| Tipo de material | Articulo |
| 942 ## - ELEMENTOS DE PUNTO DE ACCESO ADICIONAL (KOHA) | |
| Tipo de ítem Koha | Artículo Electrónico |
| Estado de retiro | Estado de pérdida | Estado dañado | No para préstamo | Código de colección | Localización permanente | Ubicación/localización actual | Ubicación en estantería | Fecha de adquisición | Total de préstamos | Fecha visto por última vez | Identificador Uniforme del Recurso | Precio válido a partir de | Tipo de ítem Koha |
|---|---|---|---|---|---|---|---|---|---|---|---|---|---|
| Acceso abierto | Bib. Gregorio Torres Quintero | Bib. Gregorio Torres Quintero | En línea | 29/10/2024 | 29/10/2024 | https://doi.org/10.5944/reop.vol.27.num.3.2016.18800 | 29/10/2024 | Artículo Electrónico |
